What is Sarbanes-Oxley? / (Record no. 844)
[ view plain ]
| 000 -LEADER | |
|---|---|
| fixed length control field | 01118cam a22002774a 4500 |
| 001 - CONTROL NUMBER | |
| control field | 13745132 |
| 005 - DATE AND TIME OF LATEST TRANSACTION | |
| control field | 20241107201136.0 |
| 008 - FIXED-LENGTH DATA ELEMENTS--GENERAL INFORMATION | |
| fixed length control field | 041008s2004 nyua 001 0 eng c |
| 020 ## - INTERNATIONAL STANDARD BOOK NUMBER | |
| International Standard Book Number | 9780072979886 |
| 020 ## - INTERNATIONAL STANDARD BOOK NUMBER | |
| International Standard Book Number | 9780072979887 |
| 050 00 - LIBRARY OF CONGRESS CALL NUMBER | |
| Classification number | KF1446 |
| Item number | .L36 2004 |
| 082 00 - DEWEY DECIMAL CLASSIFICATION NUMBER | |
| Classification number | 346.73/0666 |
| Edition information | 22 |
| 100 1# - MAIN ENTRY--PERSONAL NAME | |
| Personal name | Lander, Guy P. |
| 245 10 - TITLE STATEMENT | |
| Title | What is Sarbanes-Oxley? / |
| Statement of responsibility, etc. | Guy P. Lander. |
| 260 ## - PUBLICATION, DISTRIBUTION, ETC. | |
| Place of publication, distribution, etc. | New York : |
| Name of publisher, distributor, etc. | McGraw Hill, |
| Date of publication, distribution, etc. | c2004. |
| 300 ## - PHYSICAL DESCRIPTION | |
| Extent | xiv, 114 p. : |
| Other physical details | ill. ; |
| Dimensions | 23 cm. |
| 500 ## - GENERAL NOTE | |
| General note | Includes index. |
| 650 #0 - SUBJECT ADDED ENTRY--TOPICAL TERM | |
| Topical term or geographic name entry element | Corporations |
| General subdivision | Accounting |
| -- | Law and legislation |
| Geographic subdivision | United States. |
| 650 #0 - SUBJECT ADDED ENTRY--TOPICAL TERM | |
| Topical term or geographic name entry element | Financial statements |
| General subdivision | Law and legislation |
| Geographic subdivision | United States. |
| 650 #0 - SUBJECT ADDED ENTRY--TOPICAL TERM | |
| Topical term or geographic name entry element | Directors of corporations |
| General subdivision | Legal status, laws, etc. |
| Geographic subdivision | United States. |
| 650 #0 - SUBJECT ADDED ENTRY--TOPICAL TERM | |
| Topical term or geographic name entry element | Disclosure of information |
| General subdivision | Law and legislation |
| Geographic subdivision | United States. |
| 650 #0 - SUBJECT ADDED ENTRY--TOPICAL TERM | |
| Topical term or geographic name entry element | Corporate governance |
| General subdivision | Law and legislation |
| Geographic subdivision | United States. |
| 856 42 - ELECTRONIC LOCATION AND ACCESS | |
| Materials specified | Publisher description |
| Uniform Resource Identifier | <a href="http://www.loc.gov/catdir/description/mh051/2004558553.html">http://www.loc.gov/catdir/description/mh051/2004558553.html</a> |
| 856 42 - ELECTRONIC LOCATION AND ACCESS | |
| Materials specified | Contributor biographical information |
| Uniform Resource Identifier | <a href="http://www.loc.gov/catdir/bios/mh051/2004558553.html">http://www.loc.gov/catdir/bios/mh051/2004558553.html</a> |
| 942 ## - ADDED ENTRY ELEMENTS (KOHA) | |
| Source of classification or shelving scheme | Library of Congress Classification |
| Koha item type | Books |
| Suppress in OPAC | No |
| 999 ## - | |
| -- | 844 |
| -- | 844 |
| Withdrawn status | Lost status | Source of classification or shelving scheme | Damaged status | Not for loan | Collection | Home library | Current library | Shelving location | Date acquired | Total checkouts | Full call number | Barcode | Date last seen | Copy number | Price effective from | Koha item type | Date last checked out |
|---|---|---|---|---|---|---|---|---|---|---|---|---|---|---|---|---|---|
| Library of Congress Classification | Non-fiction | Law Library (Christ Temple) | Business Library (Miotso) | General stacks | 01/27/2025 | 1 | KF1446 LAN | LLCT00000302 | 10/07/2025 | 5 | 01/27/2025 | Books | 10/07/2025 | ||||
| Library of Congress Classification | Non-fiction | Law Library (Christ Temple) | Law Library (Christ Temple) | General stacks | 01/27/2025 | KF1446 LAN | LLCT00000300 | 01/27/2025 | 3 | 01/27/2025 | Books | ||||||
| Library of Congress Classification | Non-fiction | Law Library (Christ Temple) | Law Library (Christ Temple) | General stacks | 01/27/2025 | KF1446 LAN | LLCT00000301 | 01/27/2025 | 4 | 01/27/2025 | Books | ||||||
| Library of Congress Classification | Non-fiction | Law Library (Christ Temple) | Law Library (Christ Temple) | General stacks | 01/27/2025 | KF1446 LAN | LLCT00000303 | 01/27/2025 | 3 | 01/27/2025 | Books | ||||||
| Library of Congress Classification | Non-fiction | Law Library (Christ Temple) | Law Library (Christ Temple) | General stacks | 01/27/2025 | KF1446 LAN | LLCT00000306 | 01/27/2025 | 4 | 01/27/2025 | Books | ||||||
| Library of Congress Classification | Non-fiction | Law Library (Christ Temple) | Law Library (Christ Temple) | General stacks | 01/27/2025 | KF1446 LAN | LLCT00000320 | 01/27/2025 | 5 | 01/27/2025 | Books | ||||||
| Library of Congress Classification | Non-fiction | Law Library (Miotso) | Law Library (Miotso) | General stacks | 11/07/2024 | KF1446.L36 LAN | llm00000729 | 11/07/2024 | 1 | 11/07/2024 | Books | ||||||
| Library of Congress Classification | Non-fiction | Law Library (Miotso) | Law Library (Miotso) | General stacks | 11/07/2024 | KF1446.L36 LAN | llm00000730 | 11/07/2024 | 2 | 11/07/2024 | Books |